| 000 | 00760cam a22002413a 4500 | ||
|---|---|---|---|
| 001 | 10043 | ||
| 003 | PGUSA | ||
| 005 | 20140828083219.0 | ||
| 008 | 031101s2003||||xxu|||||s|||||000 | eng d | ||
| 040 |
_aPGUSA _beng |
||
| 042 | _adc | ||
| 050 | 4 | _aE660 | |
| 100 | 1 |
_aLadue, Joseph, _d1855-1900 |
|
| 245 | 1 | 0 |
_aKlondyke Nuggets : _bA Brief Description of the Great Gold Regions in the Northwest _h[electronic resource] / _cJoseph Ladue |
| 260 |
_bProject Gutenberg, _c2003 |
||
| 506 | _aPublic domain in the USA. | ||
| 516 | _aElectronic text | ||
| 653 | _aKlondike River Valley (Yukon) -- Gold discoveries | ||
| 653 | _aAlaska -- Gold discoveries | ||
| 830 | 0 |
_aProject Gutenberg _v10043 |
|
| 856 | 4 | 0 | _uhttp://www.gutenberg.org/ebooks/10043 |
| 942 | _cEB | ||
| 999 |
_c239298 _d239298 |
||